U.S. Ballot-Qualified Political Parties - Statistics

General Stats
  • This quiz has been taken 13 times
  • The average score is 6 of 12
Answer Stats
Population Color Party % Correct
45,069,950 Democratic Party
100%
262,370 Green Party
100%
38,166,613 Republican Party
100%
713,424 Libertarian Party
90%
Unknown Independent | Other
50%
152,043 Constitution Party
30%
67,889 Working Families Party
30%
4,806 Forward Party
20%
3,181 Unity Party of America
20%
Unknown Alliance Party
10%
9,967 Legal Marijuana Now Party
10%
3,751 Working Class Party
10%
No matching quizzes found
Score Distribution
Percent of People with Each Score
Percentile by Number Answered
Your Score History
You have not taken this quiz